<?xml version="1.0" encoding="UTF-8"?>
<marc:record xmlns:marc="http://www.loc.gov/MARC21/slim">
   <marc:leader>00000nam a2200000 a 4500</marc:leader>
   <marc:datafield ind1="1" ind2=" " tag="100">
      <marc:subfield code="a">Andeck, Mara</marc:subfield>
      <marc:subfield code="4">aut</marc:subfield>
      <marc:subfield code="e">Verfasser/-in</marc:subfield>
   </marc:datafield>
   <marc:datafield ind1="0" ind2="0" tag="245">
      <marc:subfield code="a">Lilo auf Löwenstein</marc:subfield>
   </marc:datafield>
   <marc:datafield ind1="0" ind2="0" tag="245">
      <marc:subfield code="b">Nichts für Feiglinge</marc:subfield>
   </marc:datafield>
   <marc:datafield ind1="0" ind2="0" tag="245">
      <marc:subfield code="c">Mara Andeck. Mit Bildern von Eleni Livanios</marc:subfield>
   </marc:datafield>
   <marc:datafield ind1=" " ind2="1" tag="264">
      <marc:subfield code="a">Köln</marc:subfield>
      <marc:subfield code="b">Bastei Lübbe AG</marc:subfield>
      <marc:subfield code="c">2018</marc:subfield>
   </marc:datafield>
   <marc:datafield ind1="1" ind2=" " tag="490">
      <marc:subfield code="a">Lilo auf Löwenstein</marc:subfield>
      <marc:subfield code="v">3</marc:subfield>
   </marc:datafield>
   <marc:datafield ind1=" " ind2=" " tag="250">
      <marc:subfield code="a">1. Auflage</marc:subfield>
   </marc:datafield>
   <marc:datafield ind1="1" ind2=" " tag="520">
      <marc:subfield code="a">Die Kinder von Löwenstein sind Freunde geworden und haben eine Bande gegründet. Als Löwen von Löwenstein meistern sie eine ziemlich gruselige Aufnahmeprüfung, sprechen gemeinsam den Bandenschwur und bereiten alles vor für eine Zeltnacht im Wald. Doch dort überrascht sie ein heftiges Gewitter. Nur mit Glück schaffen sie es zurück ins sichere Schloss. Am nächsten Morgen der Schreck: Das Schlossdach wurde beschädigt ¿ und die Reparatur ist ungeheuer teuer. Doch was ist, wenn der Graf das nötige Geld nicht auftreibt? Muss er das Schloss dann verkaufen? Womöglich sogar an den merkwürdigen Dachdecker, der auf dem Gelände herumschleicht und sich sehr verdächtig benimmt. Ein Plan muss her! Kann der Schatz auf dem Dachboden die Lösung all ihrer Probleme sein? Die Kinder setzen alles daran, endlich die Tür zum Geheimzimmer zu öffnen. Denn eins ist klar: Löwenstein muss gerettet werden! Band 3 der Reihe rund um Lilo auf Löwenstein</marc:subfield>
   </marc:datafield>
   <marc:datafield ind1=" " ind2=" " tag="020">
      <marc:subfield code="a">9783414825032</marc:subfield>
      <marc:subfield code="9">9783414825032</marc:subfield>
   </marc:datafield>
   <marc:datafield ind1=" " ind2=" " tag="041">
      <marc:subfield code="a">ger</marc:subfield>
   </marc:datafield>
   <marc:datafield ind1=" " ind2=" " tag="300">
      <marc:subfield code="a">211 Seiten : Illustr</marc:subfield>
   </marc:datafield>
</marc:record>
